|
|
|
|
| LEADER |
01294nam a22003018i 4500 |
| 001 |
27507 |
| 003 |
BD-DhAAL |
| 005 |
20130917111506.0 |
| 008 |
130917s2013 flu b 001 0 eng |
| 010 |
|
|
|a 2012042746
|
| 020 |
|
|
|a 9781439869116
|
| 040 |
|
|
|a DLC
|b eng
|c DLC
|e rda
|d BD-DhAAL
|
| 050 |
0 |
0 |
|a JQ231
|b .P8245 2013
|
| 082 |
0 |
0 |
|a 351.54
|2 23
|
| 245 |
0 |
0 |
|a Public administration in South Asia :
|b India, Bangladesh, and Pakistan /
|c editors, Meghna Sabharwal and Evan M. Berman.
|
| 260 |
|
|
|a Boca Raton :
|b CRC Press,
|c 2013
|
| 300 |
|
|
|a xxiv, 493 p. :
|b ill. ;
|c 26 cm.
|
| 490 |
0 |
|
|a Public Administration and Public Policy ;
|v 172
|
| 504 |
|
|
|a Includes bibliographical references and index.
|
| 541 |
|
|
|e 27507, 27508
|
| 650 |
|
0 |
|a Public administration
|z South Asia.
|9 2969
|
| 651 |
|
0 |
|a South Asia
|x Politics and government.
|9 3118
|
| 700 |
1 |
|
|a Sabharwal, Meghna.
|9 3119
|
| 700 |
1 |
|
|a Berman, Evan M.
|9 3120
|
| 942 |
|
|
|2 ddc
|c BK
|
| 999 |
|
|
|c 13976
|d 13976
|
| 952 |
|
|
|0 0
|1 0
|2 ddc
|4 0
|6 351_540000000000000_PUB
|7 0
|9 23416
|a IGS
|b IGS
|c GEN
|d 2013-09-17
|e Trim Education
|g 8725.00
|l 0
|o 351.54 PUB
|p 3010027507
|r 2013-09-17
|t 1
|w 2013-09-17
|y BK
|
| 952 |
|
|
|0 0
|1 0
|2 ddc
|4 0
|6 351_540000000000000_PUB
|7 0
|9 23417
|a IGS
|b IGS
|c GEN
|d 2013-09-17
|e Trim Education
|g 8725.00
|l 0
|o 351.54 PUB
|p 3010027508
|r 2013-09-17
|t 2
|w 2013-09-17
|y BK
|